000
00383nam a22001697a 4500
003
MPLRDC
005
20220104143219.0
008
210129b ||||| |||| 00| 0 eng d
082
_a
811.7 ZTZ
100
_a
周庭桢
245
_a
英语翻译基础
_c
250
_a
初版
260
_a
_b
英语出版社
_c
1958
300
_b
平
650
_a
翻译
942
_c
BK
_o
811.7 ZTZ
999
_c
37711
_d
37701